2024/2025 Regionalliga Teams - Statistics

General Stats
  • This quiz has been taken 43 times
  • The average score is 13 of 90
Answer Stats
Hint Answer % Correct
1997 Chemie Leipzig
62%
1896 Lokommotive Leipzig
54%
1901 Kickers Offenbach
41%
1900 Erfurt
38%
1902 MSV Duisburg
38%
1966 BFC Dynamo
35%
1912 Zwickau
32%
1966 Chemnitzer
30%
1908 FC 08 Homburg
30%
1899 Stuttgarter Kickers
30%
1912 TSV Havelse
27%
1889 Viktoria Berlin
27%
2015 Greifswalder
24%
1900 Hallescher FC
24%
1919 VfB Lübeck
24%
1897 VfB Oldenburg
24%
1919 Meuselwitz
22%
1904 Rot-Weiß Oberhausen
22%
1906 Bremer SV
19%
1946 Kickers Emden
19%
1948 SC Fortuna Köln
19%
1900 Borussia Mönchengladbach II
16%
1887 Hamburger SV II
16%
1905 KFC Uerdingen 05
16%
1912 SV Meppen
16%
1956 SV Werder Bremen II
16%
2000 Türkspor Dortmund
16%
1954 Wuppertaler SV
16%
1907 Würzburger Kickers
16%
1903 Zehlendorf
16%
2017 1. FC Düren
14%
1905 1. FC Schweinfurt 05
14%
1883 Altglienicke
14%
1903 Babelsberg
14%
1994 Eilenburg
14%
1978 FC Gütersloh
14%
1910 FC St. Pauli II
14%
1895 Fortuna Düsseldorf II
14%
1977 SV Drochtersen/Assel
14%
1975 Türkgücü München
14%
1904 Viktoria Aschaffenburg
14%
1942 1. FC Köln II
11%
1929 Bahlinger SC
11%
1894 Blau-Weiß Lohne
11%
1904 FC Schalke 04 II
11%
1963 Luckenwalde
11%
1990 Plauen
11%
2000 SC Wiedenbrück
11%
1921 SpVgg Bayreuth
11%
1971 1. FC Phönix Lübeck
8%
1905 1. FSV Mainz 05 II
8%
1967 DJK Vilzing
8%
2006 FC Eintracht Bamberg
8%
1927 FC Gießen
8%
1892 Hertha Berlin II
8%
1893 KSV Hessen Kassel
8%
1904 SC Freiburg II
8%
1908 SC Weiche Flensburg 08
8%
1951 SSV Jeddeloh
8%
1966 SV Eintracht Hohkeppel
8%
1970 SV Rödinghausen
8%
1927 SV Todesfelde
8%
1899 TSG 1899 Hoffenheim II
8%
1921 TSV Steinbach Haiger
8%
1903 Zeiss Jena
8%
1900 1. FC Bocholt
5%
1996 1. FC Nürnberg II
5%
1899 Eintracht Frankfurt II
5%
1908 FC 08 Villingen
5%
1995 FC Astoria Walldorf
5%
1969 FC Augsburg II
5%
1905 FC Teutonia Ottensen
5%
1899 FSV Frankfurt 1899
5%
1921 FV Illertissen
5%
1907 SC Paderborn 07 II
5%
1913 SGV Freiberg
5%
1946 Sportfreunde Lotte
5%
1968 SpVgg Hankofen-Hailing
5%
1905 SV Göppingen
5%
1930 TSV Buchbach
5%
1847 TSV Schwaben Augsburg
5%
2005 FC Bayern Munich II
3%
2003 FC Eintracht Norderstedt 03
3%
1900 Kieler SV Holstein 1900 II
3%
1965 SG Barockstadt Fulda-Lehnerz
3%
1909 SpVgg Ansbach
3%
1903 SpVgg Greuther Fürth II
3%
1948 SV Eintracht Trier 05
3%
1930 SV Wacker Burghausen
3%
1921 TSV Aubstadt
3%
No matching quizzes found
Score Distribution
Percent of People with Each Score
Percentile by Number Answered
Your Score History
You have not taken this quiz